[Event "4NCL Online Division 2"]
[Site "online"]
[Date "2020.05.19"]
[Round "7.22"]
[White "Venkatesan, Kavin"]
[Black "Gogia, Armaan"]
[Result "1-0"]
[WhiteElo "1971"]
[BlackElo "1990"]
[PlyCount "119"]
[EventDate "2020.05.19"]
[WhiteTeam "St Benildus A"]
[BlackTeam "Ashfield Anonymous A"]

1. d4 Nf6 2. c4 g6 3. Nc3 Bg7 4. Nf3 d6 5. Bg5 h6 6. Bh4 g5 7. Bg3 Nh5 8. Qc2
Nd7 9. e3 c5 10. Be2 Nxg3 11. hxg3 cxd4 12. exd4 Nf6 13. O-O-O Qa5 14. a3 Bf5
15. Bd3 Bxd3 16. Qxd3 O-O 17. Kb1 Rfc8 18. Rc1 d5 19. c5 b6 20. c6 Rxc6 21. Ne5
Rc7 22. Nb5 Rxc1+ 23. Rxc1 Ne4 24. f3 Nd2+ 25. Ka2 Nc4 26. Nc7 Rc8 27. Nc6 Rxc7
28. Nxa5 bxa5 29. b3 Ne5 30. Qf1 Nc6 31. Qb5 Nb4+ 32. Kb2 Bxd4+ 33. Kb1 Rxc1+
34. Kxc1 Na2+ 35. Kc2 Nc3 36. Qxa5 Ne2 37. Qxd5 Bb6 38. Qa8+ Kg7 39. Qe4 Nd4+
40. Kb2 Ne6 41. f4 gxf4 42. gxf4 Bd4+ 43. Kc1 Bf6 44. g3 Nd4 45. Qd3 Ne6 46. b4
h5 47. Qd7 Nd4 48. Kd1 a6 49. Qa7 Nf5 50. Qxa6 Nxg3 51. Qd3 h4 52. b5 Nh5 53.
Qf3 Kg6 54. b6 e5 55. b7 Nxf4 56. b8=Q h3 57. Qb1+ Kg5 58. Qg3+ Kh6 59. Qg8 h2
60. Qbh7# 1-0

[Event "4NCL Online Division 2"]
[Site "online"]
[Date "2020.05.19"]
[Round "7.23"]
[White "Truman, Richard G"]
[Black "McHugh, Kevin"]
[Result "1/2-1/2"]
[WhiteElo "1990"]
[BlackElo "2013"]
[PlyCount "50"]
[EventDate "2020.05.19"]
[WhiteTeam "Ashfield Anonymous A"]
[BlackTeam "St Benildus A"]

1. d4 Nf6 2. c4 g6 3. Nc3 d5 4. cxd5 Nxd5 5. e4 Nxc3 6. bxc3 Bg7 7. Be3 O-O 8.
Qd2 c5 9. Nf3 cxd4 10. cxd4 Nc6 11. Rc1 Bg4 12. d5 Bxf3 13. gxf3 Ne5 14. Be2
Rc8 15. O-O Qd7 16. f4 Ng4 17. Bd4 Nf6 18. Bf3 Qh3 19. Qe2 Rxc1 20. Rxc1 Rc8
21. Rxc8+ Qxc8 22. Qb2 Qh3 23. Qe2 Qc8 24. Qb2 Qh3 25. Qe2 Qc8 1/2-1/2

[Event "4NCL Online Division 2"]
[Site "online"]
[Date "2020.05.19"]
[Round "7.24"]
[White "Lyons, Brendan"]
[Black "Garnett, John S"]
[Result "1-0"]
[WhiteElo "1941"]
[BlackElo "1982"]
[PlyCount "89"]
[EventDate "2020.05.19"]
[WhiteTeam "St Benildus A"]
[BlackTeam "Ashfield Anonymous A"]

1. e4 c6 2. Nc3 d5 3. exd5 cxd5 4. d4 Nf6 5. Nf3 Bg4 6. Be2 Nc6 7. Ne5 Bxe2 8.
Nxe2 e6 9. O-O Bd6 10. Bf4 O-O 11. c3 Qc7 12. Nd3 Bxf4 13. Nexf4 Ne4 14. f3 Nd6
15. Re1 Nf5 16. Qe2 Rad8 17. Qf2 Rfe8 18. g4 Nfe7 19. h4 Ng6 20. Nxg6 hxg6 21.
Kg2 e5 22. Nxe5 Nxe5 23. dxe5 Rxe5 24. Qxa7 Rde8 25. Qf2 Qc4 26. Rxe5 Rxe5 27.
Re1 Rxe1 28. Qxe1 Qxa2 29. Qe8+ Kh7 30. Qb5 Qb1 31. Qxb7 Qc2+ 32. Kg3 Qd2 33.
Qb6 Qe1+ 34. Qf2 Qe5+ 35. Kg2 f5 36. gxf5 gxf5 37. Qd2 f4 38. b4 Qf5 39. Qd4
Qc2+ 40. Kh3 Qf5+ 41. Kg2 Qc2+ 42. Kf1 Qb1+ 43. Ke2 Qa2+ 44. Qd2 Qc4+ 45. Qd3+
1-0

[Event "4NCL Online Division 2"]
[Site "online"]
[Date "2020.05.19"]
[Round "7.31"]
[White "Ther, Mate"]
[Black "Ball, Laurence"]
[Result "1-0"]
[WhiteElo "2080"]
[BlackElo "2090"]
[PlyCount "81"]
[EventDate "2020.05.19"]
[WhiteTeam "Bradford DCA Knights A"]
[BlackTeam "Kent KJCA Kestrels B"]

1. e4 d6 2. d4 Nf6 3. Nc3 e5 4. Nf3 exd4 5. Nxd4 g6 6. g3 Bg7 7. Bg2 O-O 8. O-O
Re8 9. h3 Nbd7 10. Be3 a6 11. Re1 Nc5 12. Bf4 Ne6 13. Be3 Nxd4 14. Bxd4 Be6 15.
f4 c5 16. Be3 Qb6 17. Rb1 Rad8 18. Qf3 d5 19. e5 Ne4 20. Nxe4 dxe4 21. Qxe4
Bxa2 22. Rbd1 Rxd1 23. Rxd1 Qxb2 24. Bxc5 b6 25. Qc6 Qb5 26. Bxb6 Qxc6 27. Bxc6
Rc8 28. Rd8+ Rxd8 29. Bxd8 Be6 30. Be7 Bxh3 31. Kf2 Bf5 32. c4 Bf8 33. Bd6 Be6
34. c5 f6 35. Ke3 fxe5 36. fxe5 Bh6+ 37. Kd4 Kf7 38. Bb7 a5 39. c6 Bf8 40. c7
a4 41. Bd5 1-0

[Event "4NCL Online Division 2"]
[Site "online"]
[Date "2020.05.19"]
[Round "7.32"]
[White "Merriman, James"]
[Black "Barker, Arron"]
[Result "1-0"]
[WhiteElo "1997"]
[BlackElo "1847"]
[PlyCount "209"]
[EventDate "2020.05.19"]
[WhiteTeam "Kent KJCA Kestrels B"]
[BlackTeam "Bradford DCA Knights A"]

1. d4 e6 2. c4 f5 3. g3 Nf6 4. Bg2 d5 5. Nh3 Be7 6. Qc2 c6 7. O-O O-O 8. Nd2
Nbd7 9. Nf4 Nb8 10. Nf3 Bd6 11. Ne5 Qc7 12. Nfd3 Nbd7 13. Bf4 dxc4 14. Qxc4 Nb6
15. Qb3 Nbd5 16. Rac1 Qb6 17. Qc2 Nb4 18. Nxb4 Bxb4 19. Rfd1 Nd5 20. Nc4 Qd8
21. Be5 Be7 22. e4 Nb6 23. exf5 exf5 24. Nxb6 Qxb6 25. d5 cxd5 26. Bxd5+ Be6
27. Bd4 Qa6 28. Qb3 Bxd5 29. Qxd5+ Rf7 30. Rc7 Rd8 31. Rd7 Rxd7 32. Qxd7 Bf8
33. Qd5 Qa4 34. Bc3 f4 35. Rd4 Qc2 36. Rxf4 Qb1+ 37. Kg2 Qg6 38. h4 Qc6 39.
Qxc6 bxc6 40. Rc4 Rc7 41. Be5 Rc8 42. Bd4 Rc7 43. Be5 Rc8 44. Ra4 Bc5 45. Bd4
Bb6 46. Rc4 Kf7 47. Kf3 g6 48. Ke3 Re8+ 49. Kd3 Rd8 50. Kc3 Rc8 51. b4 Ke6 52.
Bc5 Ke5 53. b5 Ba5+ 54. Bb4 Bb6 55. Rxc6 Rxc6+ 56. bxc6 Kd5 57. Kd3 Kxc6 58.
Be1 Kd5 59. f3 h5 60. Bd2 Bf2 61. Bf4 a6 62. a4 Be1 63. Bb8 Bf2 64. Bf4 Bc5 65.
g4 Bf2 66. gxh5 gxh5 67. Bg5 Ke5 68. Ke2 Bg3 69. Ke3 Kf5 70. f4 Be1 71. Kf3 Bd2
72. Bh6 Ba5 73. Bg5 Be1 74. Be7 Bd2 75. Bg5 Bb4 76. Bd8 Bf8 77. Bg5 Bd6 78. Bh6
Bb4 79. Bg5 Bd2 80. Bh6 a5 81. Bg5 Be1 82. Bd8 Bd2 83. Bg5 Bb4 84. Bd8 Bc3 85.
Bg5 Be1 86. Bd8 Bd2 87. Bg5 Bb4 88. Bd8 Be1 89. Bb6 Bd2 90. Be3 Be1 91. Bb6 Bd2
92. Bd8 Bb4 93. Ke3 Be1 94. Bg5 Kg4 95. Ke4 Bd2 96. Ke5 Be3 97. f5 Bxg5 98.
hxg5 Kxg5 99. f6 Kg6 100. Ke6 h4 101. f7 h3 102. f8=Q h2 103. Qg8+ Kh6 104.
Qh8+ Kg5 105. Qxh2 1-0

[Event "4NCL Online Division 2"]
[Site "online"]
[Date "2020.05.19"]
[Round "7.33"]
[White "Johnson, Paul A"]
[Black "Soyel, Hamit"]
[Result "0-1"]
[WhiteElo "1812"]
[BlackElo "1892"]
[PlyCount "78"]
[EventDate "2020.05.19"]
[WhiteTeam "Bradford DCA Knights A"]
[BlackTeam "Kent KJCA Kestrels B"]

1. d4 Nf6 2. Nf3 e6 3. e3 b6 4. Bd3 Bb7 5. Nbd2 Be7 6. O-O O-O 7. b3 d5 8. Bb2
Nbd7 9. Qe2 c5 10. c4 cxd4 11. exd4 Rc8 12. Rac1 Re8 13. Bb1 g6 14. Ne5 dxc4
15. bxc4 Nxe5 16. dxe5 Nd7 17. Ne4 Bxe4 18. Bxe4 Qc7 19. Bf3 Nc5 20. Rfd1 Red8
21. g3 Rxd1+ 22. Rxd1 Na4 23. Rc1 Bg5 24. Rc2 Nxb2 25. Rxb2 Qxc4 26. Kg2 Qd4
27. Bb7 Rc7 28. Ba6 Rc3 29. f4 Qd5+ 30. Kh3 Bxf4 31. Rc2 Rxc2 32. Qxc2 Bxe5 33.
Bf1 Bd6 34. Be2 Bc5 35. Bc4 Qe5 36. Qd2 Qf5+ 37. g4 Qf3+ 38. Kh4 Be7+ 39. g5
Qe4+ 0-1

[Event "4NCL Online Division 2"]
[Site "online"]
[Date "2020.05.19"]
[Round "7.34"]
[White "Keenan, Brendan"]
[Black "Holliday, John K"]
[Result "1-0"]
[WhiteElo "1930"]
[BlackElo "1798"]
[PlyCount "67"]
[EventDate "2020.05.19"]
[WhiteTeam "Kent KJCA Kestrels B"]
[BlackTeam "Bradford DCA Knights A"]

1. d4 d6 2. Bf4 Nf6 3. e3 Nbd7 4. Nf3 h6 5. h3 g5 6. Bh2 Bg7 7. Be2 c6 8. c3
O-O 9. Nbd2 Re8 10. O-O Nf8 11. Qb3 b5 12. a4 Be6 13. Qc2 a6 14. Rfe1 Qd7 15.
Bd3 Bxh3 16. gxh3 Qxh3 17. Bf1 Qh5 18. Bg3 g4 19. Nh4 Ne6 20. Ng2 Kh8 21. Nf4
Nxf4 22. Bxf4 e5 23. dxe5 dxe5 24. Bg3 Qg5 25. Ne4 Nxe4 26. Qxe4 h5 27. Bd3 Qh6
28. Bh4 Re6 29. axb5 f5 30. Qxf5 Rf8 31. Qe4 axb5 32. Ra7 Bf6 33. Rh7+ Kg8 34.
Rxh6 1-0

[Event "4NCL Online Division 2"]
[Site "online"]
[Date "2020.05.19"]
[Round "7.41"]
[White "Sedykh, Mikhail"]
[Black "Pink, Joshua"]
[Result "1-0"]
[WhiteElo "2215"]
[BlackElo "2042"]
[PlyCount "115"]
[EventDate "2020.05.19"]
[WhiteTeam "Catford Cosmonauts 1"]
[BlackTeam "Throw in the Tal"]

1. d4 Nf6 2. c4 c5 3. d5 e6 4. Nc3 exd5 5. cxd5 d6 6. e4 g6 7. f4 Bg7 8. Bb5+
Bd7 9. e5 dxe5 10. fxe5 Nh5 11. Nf3 O-O 12. Bxd7 Nxd7 13. g4 Nxe5 14. gxh5
Nxf3+ 15. Qxf3 Re8+ 16. Kf1 Re5 17. Kg2 Rf5 18. Qe4 Qf6 19. Be3 Re5 20. Qf4 Rf5
21. Qg3 Qb6 22. Rab1 Re8 23. Rhe1 Be5 24. Bf4 Qf6 25. Rxe5 Rexe5 26. Bxe5 Rxe5
27. Rf1 Qe7 28. Qf4 b5 29. d6 Qxd6 30. Qxf7+ Kh8 31. Qf8+ Qxf8 32. Rxf8+ Kg7
33. Ra8 b4 34. Rxa7+ Kh6 35. Na4 gxh5 36. Ra5 Re2+ 37. Kg3 c4 38. h4 c3 39.
bxc3 bxc3 40. Ra6+ Kg7 41. Rc6 Rxa2 42. Nxc3 Ra3 43. Kf4 h6 44. Rc7+ Kg6 45.
Rc6+ Kg7 46. Rc4 Kg6 47. Rc5 Rb3 48. Rc4 Ra3 49. Ke5 Ra1 50. Nd5 Ra5 51. Rc6+
Kg7 52. Rd6 Ra4 53. Nf4 Kh7 54. Rd7+ Kg8 55. Nxh5 Rxh4 56. Nf6+ Kf8 57. Ke6 h5
58. Rf7# 1-0

[Event "4NCL Online Division 2"]
[Site "online"]
[Date "2020.05.19"]
[Round "7.42"]
[White "Ireland, David J"]
[Black "Vidruska, Renate"]
[Result "1/2-1/2"]
[WhiteElo "2020"]
[BlackElo "2045"]
[PlyCount "108"]
[EventDate "2020.05.19"]
[WhiteTeam "Throw in the Tal"]
[BlackTeam "Catford Cosmonauts 1"]

1. e4 c6 2. d4 d5 3. f3 Qb6 4. Nc3 e6 5. Nce2 Nd7 6. c3 dxe4 7. fxe4 e5 8. Nf3
Ngf6 9. Qc2 exd4 10. cxd4 Bb4+ 11. Nc3 O-O 12. Bd3 c5 13. Be3 Re8 14. a3 Bxc3+
15. bxc3 c4 16. Bxc4 Nxe4 17. O-O Nd6 18. Ng5 Nf8 19. Bxf7+ Nxf7 20. Rxf7 Qg6
21. Qxg6 Nxg6 22. Rf3 Nh4 23. Rf4 Rxe3 24. Rxh4 Rxc3 25. Rxh7 Bf5 26. Rh4 Rac8
27. Rf4 Bg6 28. Rf3 Rxf3 29. Nxf3 Be4 30. Kf2 Rc3 31. a4 Rd3 32. Ke2 Rc3 33.
Rd1 Bd5 34. Kf2 Ra3 35. Rc1 Rxa4 36. Rc8+ Kf7 37. Rd8 Ra2+ 38. Kg3 Bxf3 39.
gxf3 b5 40. Rb8 a6 41. d5 Rd2 42. Rb6 Rxd5 43. Rxa6 g6 44. Rb6 Rf5 45. f4 Rc5
46. Kg4 Rd5 47. h3 Rc5 48. h4 Rd5 49. Rb7+ Kf6 50. Rb6+ Kf7 51. Rb7+ Kf6 52.
Rb6+ Kg7 53. Rb7+ Kf6 54. Rb6+ Kf7 1/2-1/2

[Event "4NCL Online Division 2"]
[Site "online"]
[Date "2020.05.19"]
[Round "7.43"]
[White "Kolomvas, Dimitrios"]
[Black "Graff, Ben"]
[Result "1-0"]
[WhiteElo "2087"]
[BlackElo "1892"]
[PlyCount "157"]
[EventDate "2020.05.19"]
[WhiteTeam "Catford Cosmonauts 1"]
[BlackTeam "Throw in the Tal"]

1. Nf3 d5 2. g3 Nf6 3. Bg2 c6 4. d4 h6 5. c4 Bf5 6. Nc3 e6 7. Qb3 Qb6 8. c5
Qxb3 9. axb3 Nbd7 10. b4 Be7 11. b5 O-O 12. bxc6 bxc6 13. O-O Ne4 14. Bf4 g5
15. Bc7 Rfc8 16. Ba5 Rcb8 17. Nxe4 Bxe4 18. Bc3 Bf6 19. Ra6 Rb7 20. Rxc6 a5 21.
Ra1 a4 22. b4 a3 23. Nd2 Bc2 24. e4 a2 25. exd5 Rxb4 26. dxe6 fxe6 27. Rxe6 Ra7
28. Bd5 Kg7 29. Rxa2 Rxa2 30. Bxa2 Ra4 31. Bd5 Nxc5 32. Rxf6 Kxf6 33. dxc5+ Ke7
34. c6 Kd6 35. Bf3 Bf5 36. Kg2 g4 37. Be2 Kxc6 38. Be5 Be4+ 39. f3 Bd5 40. Bf4
Ra3 41. Kf2 h5 42. fxg4 hxg4 43. Bxg4 Ra1 44. h4 Rh1 45. Nf3 Ra1 46. Ne5+ Kc5
47. h5 Ra2+ 48. Ke3 Ra3+ 49. Nd3+ Kc4 50. Be2 Bg8 51. Kd2 Ra2+ 52. Ke1 Kd4 53.
h6 Bh7 54. Ne5 Ra1+ 55. Kf2 Ra2 56. Nf3+ Kd5 57. Kf1 Ra1+ 58. Kg2 Ra2 59. Kf1
Ra1+ 60. Ne1 Ra3 61. Kf2 Ra2 62. Ke3 Ra3+ 63. Bd3 Ke6 64. Kd4 Bxd3 65. Nxd3
Ra4+ 66. Ke3 Ra7 67. Ne5 Ra3+ 68. Ke4 Ra4+ 69. Kf3 Kf6 70. Kg4 Ra8 71. Kh5 Ra1
72. Nf3 Rh1+ 73. Nh4 Ra1 74. Be5+ Kxe5 75. h7 Ra8 76. Ng6+ Ke6 77. h8=Q Ra5+
78. Kh6 Ra2 79. Qg8+ 1-0

[Event "4NCL Online Division 2"]
[Site "online"]
[Date "2020.05.19"]
[Round "7.44"]
[White "Goodwin, Ed H"]
[Black "Roberts, Mike"]
[Result "0-1"]
[WhiteElo "1930"]
[BlackElo "2027"]
[PlyCount "50"]
[EventDate "2020.05.19"]
[WhiteTeam "Throw in the Tal"]
[BlackTeam "Catford Cosmonauts 1"]

1. d4 e6 2. Nc3 Bb4 3. e4 d5 4. e5 c5 5. Bd2 Ne7 6. Nb5 Bxd2+ 7. Qxd2 O-O 8.
dxc5 Nd7 9. O-O-O Nxe5 10. Qc3 Nd7 11. Nf3 a6 12. Nd6 Qc7 13. Ng5 Qxc5 14. Qh3
Nf6 15. Bd3 h6 16. Ngxf7 Rxf7 17. Nxf7 Kxf7 18. Qg3 Bd7 19. h4 Bb5 20. Rhe1 Rc8
21. Rd2 Bxd3 22. Qxd3 Qc4 23. Qxc4 Rxc4 24. g3 Nf5 25. Red1 Ne4 0-1

[Event "4NCL Online Division 2"]
[Site "online"]
[Date "2020.05.19"]
[Round "7.51"]
[White "Gayson, Peter M"]
[Black "Hodgson, John H"]
[Result "1/2-1/2"]
[WhiteElo "2150"]
[BlackElo "2117"]
[PlyCount "88"]
[EventDate "2020.05.19"]
[WhiteTeam "Chessable White Rose 2"]
[BlackTeam "Streatham A"]

1. e4 c5 2. Nf3 Nc6 3. d4 cxd4 4. Nxd4 e6 5. Nc3 Qc7 6. Be2 a6 7. O-O Nf6 8.
Kh1 Nxd4 9. Qxd4 Bc5 10. Qd3 d6 11. f4 O-O 12. Qg3 Bd4 13. Bd2 b5 14. Bd3 Bb7
15. Rae1 d5 16. exd5 exd5 17. Nd1 Ne4 18. Bxe4 dxe4 19. Bc3 Bxc3 20. Nxc3 f5
21. a3 Rad8 22. Qe3 Rd7 23. Rd1 Rfd8 24. Rxd7 Rxd7 25. h3 Qc4 26. Re1 Kf7 27.
Qb6 g6 28. Kh2 Qd4 29. Qxd4 Rxd4 30. Rd1 Rxd1 31. Nxd1 a5 32. Kg1 Ke6 33. Kf2
Kd6 34. Ke3 Kc5 35. Nc3 b4 36. axb4+ axb4 37. Ne2 Ba6 38. Nd4 Bf1 39. g4 Bxh3
40. g5 Kd5 41. Nb5 Kc6 42. Nd4+ Kd5 43. Nb5 Kc6 44. Nd4+ Kd5 1/2-1/2

[Event "4NCL Online Division 2"]
[Site "online"]
[Date "2020.05.19"]
[Round "7.52"]
[White "Keane, Graham D J"]
[Black "Keetman, Maaike"]
[Result "0-1"]
[WhiteElo "2161"]
[BlackElo "2169"]
[PlyCount "87"]
[EventDate "2020.05.19"]
[WhiteTeam "Streatham A"]
[BlackTeam "Chessable White Rose 2"]

1. d4 e6 2. Nc3 d5 3. Bf4 Nf6 4. e3 Bd6 5. Bg3 O-O 6. Nf3 a6 7. Bd3 c5 8. O-O
Nc6 9. a3 c4 10. Be2 b5 11. b4 Bxg3 12. hxg3 Qb6 13. Ne5 Bb7 14. g4 Rfd8 15. g5
Nd7 16. Nxc6 Bxc6 17. Qd2 a5 18. Bf3 Ra6 19. Rfd1 Rda8 20. Rab1 axb4 21. axb4
Qb7 22. Re1 f5 23. gxf6 Nxf6 24. Ne2 Be8 25. Nc3 Bg6 26. Rec1 Ne8 27. Qe2 Ra3
28. Qe1 Nd6 29. Bg4 Qe7 30. Qd2 Ne4 31. Nxe4 Bxe4 32. Qe1 Ra2 33. Bd1 R8a3 34.
f3 Bg6 35. e4 dxe4 36. fxe4 Qg5 37. d5 exd5 38. exd5 Qxd5 39. Bf3 Qd4+ 40. Kh1
h6 41. Rd1 Qe3 42. Qg3 Kh7 43. Rd7 Ra1 44. Rd4 0-1

[Event "4NCL Online Division 2"]
[Site "online"]
[Date "2020.05.19"]
[Round "7.53"]
[White "Edwards-Wright, Miles D"]
[Black "Bennett, John M"]
[Result "1-0"]
[WhiteElo "1915"]
[BlackElo "1995"]
[PlyCount "73"]
[EventDate "2020.05.19"]
[WhiteTeam "Chessable White Rose 2"]
[BlackTeam "Streatham A"]

1. e4 d6 2. d4 g6 3. Nc3 Bg7 4. Nf3 Nf6 5. Be2 a6 6. O-O O-O 7. Rb1 b5 8. e5
Nfd7 9. Be3 Nc6 10. exd6 cxd6 11. d5 Nce5 12. Nxe5 Nxe5 13. f4 Nc4 14. Bxc4
bxc4 15. Bd4 Bxd4+ 16. Qxd4 Bf5 17. Rfc1 Qc7 18. Nd1 e5 19. dxe6 fxe6 20. Ne3
d5 21. g3 Rab8 22. b3 c3 23. Nxf5 gxf5 24. Kg2 a5 25. a3 Qg7 26. Qd3 d4 27. Re1
Qb7+ 28. Kf2 Qd5 29. Re5 Qd6 30. Rbe1 Rfe8 31. Qc4 Rbc8 32. Rxe6 Rxe6 33. Rxe6
Rxc4 34. Rxd6 Rc5 35. Rxd4 Kf7 36. Ke3 Ke6 37. Rc4 1-0

[Event "4NCL Online Division 2"]
[Site "online"]
[Date "2020.05.19"]
[Round "7.54"]
[White "Horton, Justin"]
[Black "Parkhouse, Max"]
[Result "1-0"]
[WhiteElo "2058"]
[BlackElo "1832"]
[PlyCount "73"]
[EventDate "2020.05.19"]
[WhiteTeam "Streatham A"]
[BlackTeam "Chessable White Rose 2"]

1. d4 d5 2. c4 e6 3. Nf3 Nf6 4. g3 Be7 5. Bg2 c6 6. Qc2 Nbd7 7. O-O O-O 8. b3
b6 9. Nbd2 Bb7 10. Bb2 Rc8 11. e4 dxe4 12. Nxe4 c5 13. Nxf6+ Nxf6 14. Rad1 Qc7
15. dxc5 Qxc5 16. Ng5 Bxg2 17. Bxf6 g6 18. Bxe7 Qxe7 19. Kxg2 Qxg5 20. Rd7 Qa5
21. Rfd1 b5 22. c5 b4 23. c6 Rfd8 24. Rxd8+ Rxd8 25. Rxd8+ Qxd8 26. c7 Qc8 27.
Qc5 Kg7 28. Qd4+ e5 29. Qxe5+ f6 30. Qe7+ Kh6 31. Qd8 Qb7+ 32. f3 Qa6 33. Qf8+
Kg5 34. f4+ Kh5 35. g4+ Kh4 36. Qh6+ Kxg4 37. c8=Q+ 1-0

[Event "4NCL Online Division 2"]
[Site "online"]
[Date "2020.05.19"]
[Round "7.61"]
[White "Martin, Lewis"]
[Black "Ni, Viktorija"]
[Result "0-1"]
[WhiteElo "2275"]
[BlackElo "2215"]
[PlyCount "74"]
[EventDate "2020.05.19"]
[WhiteTeam "Downend 1"]
[BlackTeam "ChessPlus Beta"]

1. e4 c5 2. Nf3 e6 3. d4 cxd4 4. Nxd4 a6 5. Nc3 Qc7 6. g3 b5 7. a3 Bb7 8. Bg2
Nf6 9. O-O d6 10. Bg5 Nbd7 11. Re1 Be7 12. f4 h6 13. Bxf6 Bxf6 14. Kh1 Qb6 15.
Nf3 Qc5 16. Qd3 Rc8 17. Rad1 Bxc3 18. bxc3 Qxa3 19. Qxd6 Qxd6 20. Rxd6 Ke7 21.
Red1 Nf6 22. e5 Nd5 23. f5 Rhd8 24. fxe6 fxe6 25. Nd4 Rxd6 26. exd6+ Kxd6 27.
Nxe6 Kxe6 28. Bh3+ Ke7 29. Bxc8 Bxc8 30. Kg1 Nxc3 31. Re1+ Kd6 32. Re8 Bf5 33.
Ra8 Bxc2 34. Rxa6+ Kd5 35. Kf2 b4 36. Ke3 b3 37. Rb6 Na4 0-1

[Event "4NCL Online Division 2"]
[Site "online"]
[Date "2020.05.19"]
[Round "7.62"]
[White "Agafonov, Yuri Dr"]
[Black "Savory, Richard J"]
[Result "1/2-1/2"]
[WhiteElo "2106"]
[BlackElo "2132"]
[PlyCount "154"]
[EventDate "2020.05.19"]
[WhiteTeam "ChessPlus Beta"]
[BlackTeam "Downend 1"]

1. d4 d5 2. Nf3 Nf6 3. e3 e6 4. c4 dxc4 5. Bxc4 a6 6. O-O b5 7. Be2 Nbd7 8. a4
b4 9. a5 Bb7 10. Qa4 c5 11. Rd1 Qc7 12. Ne5 cxd4 13. exd4 Bd6 14. Nd2 O-O 15.
f4 Nd5 16. Ndc4 Rfd8 17. Bd2 f6 18. Nxd6 Qxd6 19. Nc4 Qe7 20. Bf3 Rab8 21. Re1
Nf8 22. Qb3 Kh8 23. f5 Qd7 24. Rad1 exf5 25. Qd3 Ng6 26. g3 f4 27. Qe2 fxg3 28.
hxg3 Qh3 29. Qg2 Qxg2+ 30. Bxg2 Kg8 31. Bh3 Nf8 32. Ne3 Nxe3 33. Bxe3 Bd5 34.
Bf4 Rb7 35. Rc1 Kf7 36. Rc7+ Rxc7 37. Bxc7 Re8 38. Rxe8 Kxe8 39. Bd6 b3 40. Bf1
Ne6 41. Bxa6 Nxd4 42. Bd3 g6 43. a6 Kd7 44. Bc5 Ne6 45. Be3 Nd8 46. a7 Kc7 47.
Bc4 Be4 48. Bxb3 Kb7 49. Ba4 Nc6 50. Bxc6+ Bxc6 51. Bd4 f5 52. Kf2 Kc7 53. Ke3
Kd6 54. Kf4 Ke6 55. Kg5 Kf7 56. b4 h5 57. b5 Bb7 58. b6 Bc6 59. Kf4 Ke6 60. Kg5
Kf7 61. Be5 Bb7 62. Kf4 Ke6 63. Bc7 Bc6 64. Bd8 Bb7 65. Bg5 Bc6 66. Ke3 Kd5 67.
Kf4 Bb7 68. Bd8 Ke6 69. Bc7 Bc6 70. Kg5 Kf7 71. Bd8 Bb7 72. Bf6 Bc6 73. Bc3 Bb7
74. Bb4 Bc6 75. Bd6 Bb7 76. Bc7 Bc6 77. Kf4 Ke6 1/2-1/2

[Event "4NCL Online Division 2"]
[Site "online"]
[Date "2020.05.19"]
[Round "7.63"]
[White "Thompson, Robert"]
[Black "Vukojevic, Philippe"]
[Result "0-1"]
[WhiteElo "1985"]
[BlackElo "2038"]
[PlyCount "60"]
[EventDate "2020.05.19"]
[WhiteTeam "Downend 1"]
[BlackTeam "ChessPlus Beta"]

1. Nf3 e6 2. g3 d5 3. Bg2 c5 4. O-O Nc6 5. c4 Nf6 6. cxd5 exd5 7. d4 Be7 8. Nc3
O-O 9. Bf4 c4 10. Ne5 Bf5 11. b3 Qa5 12. Nxc6 bxc6 13. Na4 Rac8 14. bxc4 dxc4
15. Rc1 Qa6 16. f3 Ba3 17. Ra1 Nd5 18. Bd2 c3 19. Nxc3 Bb2 20. Nxd5 cxd5 21.
Bb4 Rfe8 22. e4 dxe4 23. fxe4 Bxe4 24. Bxe4 Rxe4 25. Qf3 Bxd4+ 26. Kh1 Qe6 27.
Rac1 Rxc1 28. Rxc1 h6 29. a3 Re2 30. Rf1 Qa2 0-1

[Event "4NCL Online Division 2"]
[Site "online"]
[Date "2020.05.19"]
[Round "7.64"]
[White "Imanovs, Elhans"]
[Black "Meadows, Michael"]
[Result "1/2-1/2"]
[WhiteElo "1827"]
[BlackElo "2012"]
[PlyCount "100"]
[EventDate "2020.05.19"]
[WhiteTeam "ChessPlus Beta"]
[BlackTeam "Downend 1"]

1. e4 c5 2. c3 d5 3. exd5 Qxd5 4. Nf3 Nc6 5. d4 Bg4 6. Be2 cxd4 7. cxd4 e6 8.
O-O Nf6 9. Nc3 Qa5 10. h3 Bh5 11. Be3 Bb4 12. Qb3 O-O 13. Rac1 Rac8 14. a3 Bxc3
15. bxc3 Nd5 16. c4 Nb6 17. Rfd1 Rfd8 18. Rb1 Bg6 19. Rb2 Rd7 20. Bd2 Qa4 21.
Qc3 Rcd8 22. Bg5 f6 23. Be3 Qa5 24. Qxa5 Nxa5 25. Rc1 Nc6 26. c5 Nd5 27. Bb5
Nde7 28. Nd2 a6 29. Ba4 Bd3 30. Nc4 Bxc4 31. Rxc4 Kf7 32. Rc1 Rc7 33. Bf4 Rcd7
34. Be3 Rc7 35. Bf4 Rcc8 36. Rxb7 Rxd4 37. Bxc6 Rxc6 38. Bd6 Rdxd6 39. cxd6
Rxc1+ 40. Kh2 f5 41. dxe7 Ke8 42. Rb6 Kxe7 43. Rxa6 Ra1 44. Ra7+ Kf6 45. h4 h5
46. Kg3 e5 47. Ra6+ Kf7 48. Ra7+ Kf6 49. Ra6+ Kf7 50. Ra7+ Kf6 1/2-1/2

[Event "4NCL Online Division 2"]
[Site "online"]
[Date "2020.05.19"]
[Round "7.71"]
[White "Lowe, Chris"]
[Black "Howell, Oliver W"]
[Result "1-0"]
[WhiteElo "2027"]
[BlackElo "2057"]
[PlyCount "83"]
[EventDate "2020.05.19"]
[WhiteTeam "Exeter Honey Badgers"]
[BlackTeam "Sussex Starlings"]

1. e4 e6 2. d4 d5 3. Nd2 Nf6 4. Bd3 c5 5. c3 Nc6 6. Ngf3 cxd4 7. cxd4 dxe4 8.
Nxe4 Bb4+ 9. Nc3 O-O 10. O-O Re8 11. Bc2 a6 12. Bg5 h6 13. Be3 Qc7 14. a3 Bxc3
15. bxc3 Na5 16. Qc1 Nd5 17. Bd2 Nc4 18. Bxh6 gxh6 19. Qxh6 f5 20. Qg6+ Qg7 21.
Qxe8+ Kh7 22. Qh5+ Kg8 23. Qg5 Bd7 24. Rfe1 Nxc3 25. Qxg7+ Kxg7 26. Bxf5 Kf6
27. Bd3 Nb2 28. Bc2 Bc6 29. Ne5 Bd5 30. Nd7+ Ke7 31. Nb6 Rg8 32. Nxd5+ Nxd5 33.
Bb3 Nf4 34. g3 Nbd3 35. Re3 Nh3+ 36. Kf1 Rf8 37. f4 Nhf2 38. Ke2 Rh8 39. h4 Rg8
40. Rxe6+ Kd7 41. Re7+ Kxe7 42. Bxg8 1-0

[Event "4NCL Online Division 2"]
[Site "online"]
[Date "2020.05.19"]
[Round "7.72"]
[White "Gray, Edward"]
[Black "Paulden, Tim"]
[Result "1/2-1/2"]
[WhiteElo "2012"]
[BlackElo "2057"]
[PlyCount "124"]
[EventDate "2020.05.19"]
[WhiteTeam "Sussex Starlings"]
[BlackTeam "Exeter Honey Badgers"]

1. e4 d5 2. exd5 Qxd5 3. Nc3 Qd8 4. Nf3 Bg4 5. h3 Bxf3 6. Qxf3 c6 7. Bc4 e6 8.
O-O Nf6 9. d3 Nbd7 10. Re1 Be7 11. Qg3 g6 12. Bh6 Qb8 13. Bf4 Qc8 14. Bxe6 fxe6
15. Rxe6 Kf7 16. Rae1 Re8 17. Bg5 Bf8 18. Rxe8 Nxe8 19. Qf4+ Ndf6 20. Ne4 Qf5
21. Qh4 Nxe4 22. Rxe4 Kg8 23. g4 Qd5 24. Be7 Nd6 25. c4 Qxd3 26. Re6 Re8 27.
Qf6 Qxc4 28. b3 Qc1+ 29. Kg2 Bxe7 30. Rxe7 Rxe7 31. Qxe7 Qd2 32. Qd8+ Kg7 33.
Qd7+ Kf6 34. Qd8+ Ke6 35. Qg8+ Kf6 36. Qh8+ Ke6 37. Qg8+ Ke5 38. Qxh7 Qd5+ 39.
Kg1 Qe4 40. Qe7+ Kd5 41. Qg5+ Kd4 42. Qd2+ Kc5 43. a4 Qb1+ 44. Kg2 Qxb3 45.
Qa5+ Kc4 46. Qxa7 Ne4 47. Qb8 Nc5 48. Qg8+ Kc3 49. Qg7+ Kc4 50. Qf7+ Kb4 51.
Qxg6 Nxa4 52. h4 Qd5+ 53. f3 Nc3 54. h5 Qa2+ 55. Kg3 c5 56. Qb6+ Nb5 57. h6 Qa1
58. Qxb7 Qe1+ 59. Kg2 Qd2+ 60. Kg3 Qe1+ 61. Kg2 Qd2+ 62. Kg3 Qe1+ 1/2-1/2

[Event "4NCL Online Division 2"]
[Site "online"]
[Date "2020.05.19"]
[Round "7.73"]
[White "Haynes, Josiah"]
[Black "Bennet-Stevens, Lucy"]
[Result "1-0"]
[WhiteElo "2072"]
[BlackElo "1975"]
[PlyCount "69"]
[EventDate "2020.05.19"]
[WhiteTeam "Exeter Honey Badgers"]
[BlackTeam "Sussex Starlings"]

1. e4 c5 2. Nf3 e6 3. d4 cxd4 4. Nxd4 a6 5. Bd3 Qc7 6. Nc3 Nf6 7. O-O Nc6 8.
Nxc6 bxc6 9. Re1 Bb4 10. e5 Bxc3 11. bxc3 Nd5 12. Qg4 g6 13. Qh4 Bb7 14. c4 Ne7
15. Bg5 d5 16. exd6 Qxd6 17. Bf6 Rf8 18. Rab1 Qd7 19. Bxe7 Rg8 20. Bc5 g5 21.
Qd4 O-O-O 22. Qxd7+ Rxd7 23. Bxh7 Rh8 24. Bd3 Rh6 25. Re5 g4 26. Rg5 f5 27. Be3
Rh8 28. c5 Rdh7 29. Bf4 Rd7 30. Re1 Re7 31. Rxf5 Kd7 32. Rg5 Rf7 33. Rxg4 Rhf8
34. Bg3 Bc8 35. Rd4+ 1-0